<?xml version="1.0" encoding="UTF-8"?>
<record
    xmlns:xsi="http://www.w3.org/2001/XMLSchema-instance"
    xsi:schemaLocation="http://www.loc.gov/MARC21/slim http://www.loc.gov/standards/marcxml/schema/MARC21slim.xsd"
    xmlns="http://www.loc.gov/MARC21/slim">

  <leader>00518nam a22001697a 4500</leader>
  <datafield tag="999" ind1=" " ind2=" ">
    <subfield code="c">114636</subfield>
    <subfield code="d">114636</subfield>
  </datafield>
  <controlfield tag="005">20191113111026.0</controlfield>
  <controlfield tag="008">191113b           ||||| |||| 00| 0 eng d</controlfield>
  <datafield tag="020" ind1=" " ind2=" ">
    <subfield code="a">9789691739909</subfield>
  </datafield>
  <datafield tag="040" ind1=" " ind2=" ">
    <subfield code="c">PK-LaUMT</subfield>
  </datafield>
  <datafield tag="082" ind1=" " ind2=" ">
    <subfield code="a">891.4393</subfield>
    <subfield code="b">TAH-S</subfield>
  </datafield>
  <datafield tag="100" ind1=" " ind2=" ">
    <subfield code="a">Tahir Javed Mugal =  &#x637;&#x627;&#x6C1;&#x631; &#x62C;&#x627;&#x648;&#x6CC;&#x62F; &#x645;&#x63A;&#x644;</subfield>
  </datafield>
  <datafield tag="245" ind1=" " ind2=" ">
    <subfield code="a">Shakast ki fateh = &#x698;&#x6A9;&#x633;&#x62A; &#x6A9;&#x6CC; &#x641;&#x62A;&#x62D; /</subfield>
    <subfield code="c">by Tahir Javed Mugal =  &#x637;&#x627;&#x6C1;&#x631; &#x62C;&#x627;&#x648;&#x6CC;&#x62F; &#x645;&#x63A;&#x644;</subfield>
  </datafield>
  <datafield tag="260" ind1=" " ind2=" ">
    <subfield code="a">Lahore :</subfield>
    <subfield code="b">Ali Mian Publications,</subfield>
    <subfield code="c">2019</subfield>
  </datafield>
  <datafield tag="300" ind1=" " ind2=" ">
    <subfield code="a">254 p.</subfield>
  </datafield>
  <datafield tag="546" ind1=" " ind2=" ">
    <subfield code="a">Urdu</subfield>
  </datafield>
  <datafield tag="942" ind1=" " ind2=" ">
    <subfield code="c">BK</subfield>
  </datafield>
  <datafield tag="952" ind1=" " ind2=" ">
    <subfield code="0">0</subfield>
    <subfield code="1">0</subfield>
    <subfield code="4">0</subfield>
    <subfield code="7">0</subfield>
    <subfield code="a">01</subfield>
    <subfield code="b">01</subfield>
    <subfield code="d">2019-11-13</subfield>
    <subfield code="l">1</subfield>
    <subfield code="o">891.4393 TAH-S</subfield>
    <subfield code="p">131153</subfield>
    <subfield code="r">2023-11-17 00:00:00</subfield>
    <subfield code="s">2023-11-03</subfield>
    <subfield code="w">2019-11-13</subfield>
    <subfield code="y">BK</subfield>
  </datafield>
</record>
